000 00783nam a22002537a 4500
999 _c10759
_d10759
003 AR-CdUCM
008 190401b ||||| |||| 00| 0 spa d
040 _aMUNICIPALIDAD PROVINCIAL DEL CUSCO
_cBIBLIOTECA MUNICIPAL DEL CUSCO
082 _aC / 869.56 /
_bAL39
100 _aAlencastre Montufar, Gustavo
_9778
245 _aAvalancha /
260 _aCusco :
_bManko Inka,
_c1966.
300 _a115 páginas ;
_c20 cm.
440 _aLecturas Peruanas Selectas.
_n1
_927772
500 _a3 ejemplar dedicatoria a Luis Nieto.
505 _aContenido: Novela.
650 _aLiteratura Peruana
_9132
650 _aCusco
_9772
650 _aNovelas-cuentos
_927773
650 _aSiglo XX
_98
700 _aFlorián, Mario (pórtico)
_927774
942 _2ddc
_cLIBROS
945 _aachl